000 00621nam a22002297a 4500
003 UA-OsUOA
001 63849
007 ta
008 20091022b un ||||| |||| 00| 0 ukr d
100 _aКирпичева И. К.
090 _a011/016
_bК43
942 _cBK
040 _aUA-OsUOA
_brus
_cUA-OsUOA
_dUA-OsUOA
245 _aБиблиография в помощь научной работе
300 _a480 с.
955 _a2
041 _arus
080 _a011/016
260 _aМ.
_c1958
650 7 _a01 Бібліографія і бібліографії. Каталоги
_2UDC
999 _c349911
_d349911